Game design deep dive : (Record no. 31164)

MARC details
000 -LEADER
fixed length control field 01313cam a2200301 i 4500
001 - CONTROL NUMBER
control field 2019019897
003 - CONTROL NUMBER IDENTIFIER
control field EG-ScBUE
005 - DATE AND TIME OF LATEST TRANSACTION
control field 20260405122428.0
008 - FIXED-LENGTH DATA ELEMENTS--GENERAL INFORMATION
fixed length control field 190424t2020 flua f 001 0 eng d
020 ## - INTERNATIONAL STANDARD BOOK NUMBER
International Standard Book Number 9780367211387
040 ## - CATALOGING SOURCE
Original cataloging agency DLC
Language of cataloging eng
Description conventions rda
Transcribing agency DLC
Modifying agency OCLCO
-- OCLCF
-- YDX
-- EG-ScBUE
082 04 - DEWEY DECIMAL CLASSIFICATION NUMBER
Classification number 794.8
Edition number 22
Item number BYC
100 1# - MAIN ENTRY--PERSONAL NAME
Personal name Bycer, Joshua,
Relator term author.
245 10 - TITLE STATEMENT
Title Game design deep dive :
Remainder of title platformers /
Statement of responsibility, etc Joshua Bycer.
264 #1 - PUBLICATION, DISTRIBUTION, ETC. (IMPRINT)
Place of publication, distribution, etc Boca Raton, FL :
Name of publisher, distributor, etc CRC Press,
Date of publication, distribution, etc [2020]
264 #4 - PUBLICATION, DISTRIBUTION, ETC. (IMPRINT)
Date of publication, distribution, etc c2020
300 ## - PHYSICAL DESCRIPTION
Extent xi, 139 pages ;
Dimensions 23 cm
336 ## - CONTENT TYPE
Content type term text
Content type code txt
Source rdacontent
337 ## - MEDIA TYPE
Media type term unmediated
Media type code n
Source rdamedia
338 ## - CARRIER TYPE
Carrier type term volume
Carrier type code nc
Source rdacarrier
500 ## - GENERAL NOTE
General note Includes index.
505 0# - FORMATTED CONTENTS NOTE
Formatted contents note The legacy of jumping -- The first jumps -- Committed jumping -- Variable jumping -- The 2D mascot platformer era -- Basic 2D design -- Advanced 2D design -- The adventure platformer -- Puzzle platforming and design -- First-person jumping design -- The 3D platformer era -- 3D design -- The AAA shift away from platformers -- The indie impact -- Physics-driven platformer design -- Super Mario maker and Kaizo culture -- Expert 2D design.
650 #7 - SUBJECT ADDED ENTRY--TOPICAL TERM
Topical term or geographic name as entry element Video games
General subdivision Design.
Source of heading or term BUEsh
650 #7 - SUBJECT ADDED ENTRY--TOPICAL TERM
Topical term or geographic name as entry element Video games
General subdivision Authorship.
Source of heading or term BUEsh
653 ## - INDEX TERM--UNCONTROLLED
Arrived date list April2026
Resource For college Arts and Design
655 ## - INDEX TERM--GENRE/FORM
Form subdivision Reading book
942 ## - ADDED ENTRY ELEMENTS (KOHA)
Source of classification or shelving scheme Dewey Decimal Classification
Koha item type Book - Borrowing
Holdings
Withdrawn status Lost status Source of classification or shelving scheme Damaged status Not for loan Collection code Home library Current library Shelving location Date acquired Source of acquisition Cost, normal purchase price Serial Enumeration / chronology Total Checkouts Full call number Barcode Date last seen Cost, replacement price Price effective from Koha item type
    Dewey Decimal Classification     Baccah Central Library Central Library Second Floor 05/04/2026 Purchase 3769.00 40179   794.8 BYC 000057575 05/04/2026 4712.50 05/04/2026 Book - Borrowing